000 01231nam a2200361 a 4500
001 20448
003 VRT
005 20260122141832.0
008 961209q1995 xo p 000 0 slo c
020 _a8088834333 (brož.)
035 _aUKB000210382
040 _aBAA001
_bslo
_cBAA001
_eAACR2
041 1 _aslo
044 _axo
_cSK
080 _a885.4:141.7:321.01
100 1 _aŠtúr, Ľudovít
_d1815-1856
243 1 0 _aSlovenská romantická literatúra
245 0 0 _aSlovania, bratia!
_bvýber z tvorby
_cĽudovít Štúr
260 _aRohovce
_bInterpopulart Slovakia
_c[1995]
300 _a97 s
490 1 _aPopulart. Študentská knižnica
_v34
500 _aSlovenská romantická literatúra
504 _aBibliogr. s. 96
650 0 7 _aliteratúra slovenská romantická
_xfilozofia politická obrodenecká
_xantológie
653 _a885.4:141.7:321.01
760 1 _tPopulart. Študentská knižnica
830 0 _aPopulart. Študentská knižnica
_v34
910 _aukb
942 _2ddc
_cKLDO
_n0
949 _61800009247
_aSL.D.24709
_bPV.5688-96
949 _61800065044
_a30.D.66686
_bNA.244-99
949 _61800009248
_a30.D.66686
_bPV.5687-96
_q29.1.2016 popísaná ceruzou
_r29.1.2016 popísaná ceruzou
999 _c20448
_d20448